000 00659cab a2200205 4500
001 WB3043-10
008 090401t1994 xxu||||| |||| 00| 0 eng d
035 _a(Sirsi) u3998
041 _aeng
245 _aNew property forum
260 _c1994
350 _a0
490 _aDoE News Release
_v(641) 14 November 1994, (2)
520 _aThe Environment Minister responsible for property matters, has announced that government is to hold regular informal meetings with representatives from the property industry.
650 _aECONOMY
650 _aPROPERTY INDUSTRY FORUM
690 _aPROPERTY-COMMERCIAL PROPERTY
942 _n0
948 _c04/03/1997
999 _c2397
_d2397